Ocean : (Record no. 75634)

MARC details
000 -LEADER
fixed length control field 00683nam a22002057a 4500
005 - DATE AND TIME OF LATEST TRANSACTION
control field 20130528152113.0
010 ## - LCCN (DPL NO)
LC control number ENG-107043
020 ## - INTERNATIONAL STANDARD BOOK NUMBER
International Standard Book Number 9781445444321
Terms of availability 795.00
035 ## - SYSTEM CONTROL NUMBER
System control number EN-90576
037 ## - SOURCE OF ACQUISITION
Source of stock number/acquisition DBAD/PUB
082 ## - DEWEY DECIMAL CLASSIFICATION NUMBER
Classification number 577.7
100 ## - MAIN ENTRY--PERSONAL NAME
Personal name Gilpin, Daniel
245 10 - TITLE STATEMENT
Title Ocean :
Remainder of title discover the beauty of our underwater world /
Statement of responsibility, etc by Daniel Gilpin ; edited by Anthony John
260 ## - PUBLICATION, DISTRIBUTION, ETC. (IMPRINT)
Place of publication, distribution, etc UK
Name of publisher, distributor, etc Parragon Books
Date of publication, distribution, etc 2011
270 ## - ADDRESS
Address Rhythm Book Distributors, Old no. 4, new no. 5, Jeenis Road, Saidapet
City Chennai
Postal code 600015
300 ## - PHYSICAL DESCRIPTION
Extent 256p.:
Dimensions 28cm(pbk)
Other physical details col.ill.
Accompanying material 1CD-ROM
500 ## - GENERAL NOTE
General note Includes index
700 ## - ADDED ENTRY--PERSONAL NAME
Personal name Anthony John
942 ## - ADDED ENTRY ELEMENTS (KOHA)
Source of classification or shelving scheme Dewey Decimal Classification
Item type English Books
Classification part 577.7
Call number suffix GIL
Holdings
Withdrawn status Lost status Not for loan Collection code Home library Current library Date acquired Source of acquisition Cost, normal purchase price Full call number Barcode Copy number Cost, replacement price Koha item type
    Not For Loan Non-fiction D.B.Act.Division D.B.Act.Division 15/05/2013 DBAD/PUB 795.00 577.7 GIL EN-90576 1 795.00 English Books

© Delhi Public Library
Hit Counter
free hit counter